Serie A Top 10 Scorers from 2000-2010 - Statistics

General Stats
  • This quiz has been taken 341 times
  • The average score is 27 of 51
Answer Stats
Player % Correct
Francesco Totti
97%
Alessandro Del Piero
94%
Filippo Inzaghi
93%
Andriy Shevchenko
92%
Antonio di Natale
91%
Zlatan Ibrahimovic
91%
Hernán Crespo
89%
David Trezeguet
88%
Luca Toni
87%
Christian Vieri
86%
Diego Milito
86%
Gabriel Batistuta
85%
Kaká
79%
Alberto Gilardino
76%
Roberto Baggio
73%
Antonio Cassano
67%
Adriano
65%
Cristiano Lucarelli
65%
Fabrizio Miccoli
65%
Marco Di Vaio
64%
Vincenzo Montella
63%
Alexandre Pato
62%
Giampaolo Pazzini
59%
Dario Hübner
56%
Edinson Cavani
56%
Mirko Vucinic
46%
Marco Borriello
44%
Adrian Mutu
43%
Enrico Chiesa
43%
Tommaso Rocchi
43%
Giuseppe Signori
42%
Nicola Amoruso
41%
Julio Cruz
40%
Amauri
37%
David Suazo
35%
Javier Chevantón
33%
Francesco Tavano
32%
Cristiano Doni
30%
Claudio López
28%
Goran Pandev
27%
Christian Rigano
25%
Barreto
23%
David di Michele
23%
Filippo Maniero
22%
Mauro Esposito
21%
Robert Acquafresca
21%
Roberto Muzzi
19%
Rolando Bianchi
19%
Fabio Bazzani
18%
Gionatha Spinesi
17%
Roberto Sosa
13%
No matching quizzes found
Score Distribution
Percent of People with Each Score
Percentile by Number Answered
Your Score History
You have not taken this quiz